000 00235 a2200109 4500
001 51283
040 _cAnchieta - Pituba
240 1 0 _aDER GANZ GROSSE TRAUM
_l
245 1 0 _aDER GANZ GROSSE TRAUM
650 4 _aLíngua alemã
942 _cMX
999 _c51283
_d51283